00752nam a2200241 a 4500001001300000003000900013005001700022008004100039020001000080082001500090100002400105245007700129260003300206300001000239500003500249505001800284650002400302700002400326902000800350942000700358952013000365999001500495nice12345678IN_TiNIC20260116012140.0050524s1980 boma grp 000 0 eng  ac10000a297.1bENG aEngineer, Aghar Ali aOrigin and Development of Islamb an Essay on Its Socio-Economic Growth. aBombaybOrient Longmanc1980 a248p. aincludes index and biblioraphy2 aindes, notes. aIslam and Sociology1 aEngineer, Aghar Ali bSRC cBK 001040708StackRoom-aHMIbHMId2013-05-21g100.00l3m6o297.1 ENGp09810r2024-06-26s2016-04-07v100.00w2005-05-24yBK c5831d5831